Deutsche Küstenorte - Bilderquiz - Statistiken

Allgemein
  • Dieses Quiz wurde 29 mal gespielt
  • Das Durchschnittsergebnis liegt bei 7 aus 20
Antwortstatistiken
Bildquiz Antwort % Korrekt
Kiel
85%
Sylt
85%
Bremerhaven
65%
Lübeck-Travemünde
65%
Ahlbeck
46%
Rostock-Warnemünde
46%
Cuxhaven
38%
Norderney
38%
Flensburg
31%
Wismar
27%
Emden
23%
Greifswald
23%
Stralsund
23%
Husum
19%
Fehmarn-Puttgarden
15%
Friedrichskoog
15%
Wilhelmshaven
15%
Binz
12%
Grömitz
8%
Eckernförde
4%
Keine übereinstimmenden Quizze gefunden
Verteilung der Resultate
Anzahl Personen mit jedem Resultat
Perzentil nach korrekt beantworteten Fragen
Ihre Resultats-Entwicklung
Sie haben dieses Quiz noch nicht gespielt